Caricamento...

Greenlings: Taxonomy biology interoceanic transplantaton

Dettagli Bibliografici
Autore principale: Rass, T S, Ed
Natura: Printed Book
Pubblicazione: Israel Program for Scientific Translations, Jerusalem 1970
Soggetti:
LEADER 00588nam a2200193 4500
020
082 |a 578.012 RAS-G 
100 |a Rass, T S, Ed. 
245 |a Greenlings: Taxonomy biology interoceanic transplantaton 
250
260 |a Israel Program for Scientific Translations, Jerusalem  |c 1970 
300 |a 207 
490
500
590 |a PRP  |b 2011-04-03 11:04:44 
650 |a Classification, systematics, taxonomy 
942 |c BK 
999 |c 94991  |d 94991 
952 |0 0  |1 0  |4 0  |6 578_012000000000000_RASG  |7 0  |9 108459  |a AQU  |b AQU  |l 0  |o 578.012 RAS-G  |p AQU01258  |r 2019-09-25  |w 2019-09-25  |y BK